[Event "4th EUR-ch"]
[Site "Istanbul TUR"]
[Date "2003.06.01"]
[Round "3.66"]
[White "Tzermiadianos, Andreas"]
[Black "Inarkiev, Ernesto"]
[Result "1-0"]
[WhiteElo "2428"]
[BlackElo "2568"]
[EventDate "2003.05.30"]
[PlyCount "128"]

1.e4 g6 2.d4 Bg7 3.Nc3 d6 4.f4 Nf6 5.Nf3 c5 6.Bb5+ Bd7 7.e5 Ng4 8.Bxd7+ 
Qxd7 9.d5 dxe5 10.h3 e4 11.hxg4 exf3 12.Qxf3 Na6 13.Bd2 Nb4 14.O-O-O O-O-O
15.Ne4 Qa4 16.Bxb4 cxb4 17.Kb1 h6 18.f5 Be5 19.fxg6 fxg6 20.Nc5 Qa5 21.
Nxb7 Kxb7 22.d6+ Kb6 23.Rd5 Qxd5 24.Qxd5 exd6 25.a3 bxa3 26.Rh3 Rb8 27.
Rb3+ Kc7 28.Qa5+ Kc6 29.Qa4+ Kd5 30.Qxa3 Rxb3 31.Qxb3+ Kc6 32.Qf3+ Kb6 33.
Qe3+ Ka6 34.Qd3+ Ka5 35.Qd5+ Kb6 36.b4 a6 37.c4 Rf8 38.Kc2 Rf4 39.Qg8 Kc7 
40.Kb3 Rxg4 41.Qf7+ Kd8 42.c5 Rf4 43.Qb7 dxc5 44.Qd5+ Kc8 45.Qxe5 Rxb4+ 
46.Kc3 Rb6 47.Kc4 Rc6 48.Kd5 Kb7 49.Qb2+ Kc7 50.Qg7+ Kb6 51.Qd7 Rc7 52.Qd8
Kb7 53.Kd6 Rc6+ 54.Kd7 h5 55.g3 g5 56.Qxg5 Rc7+ 57.Kd6 Rc6+ 58.Kd5 c4 59.
Qe7+ Rc7 60.Qb4+ Kc8 61.Qa5 c3 62.Qxa6+ Kd8 63.Qf6+ Kc8 64.Qe6+ Kb7 1-0

[Event "4th EUR-ch"]
[Site "Istanbul TUR"]
[Date "2003.06.01"]
[Round "3.68"]
[White "Stefansson, Hannes Hlifar"]
[Black "Rotsagov, Mihhail"]
[Result "1/2-1/2"]
[WhiteElo "2565"]
[BlackElo "2487"]
[EventDate "2003.05.30"]
[PlyCount "78"]

1.e4 c5 2.Nf3 d6 3.d4 cxd4 4.Nxd4 Nf6 5.Nc3 a6 6.Be3 e6 7.Be2 Be7 8.f4 O-O
9.O-O Nc6 10.Kh1 Bd7 11.Nb3 b5 12.Bf3 Qc7 13.Qe1 Bc8 14.e5 Nd7 15.Nd4 Ndb8
16.a4 b4 17.Nxc6 Nxc6 18.exd6 Bxd6 19.Ne4 Be7 20.c4 Rb8 21.Qf2 Na5 22.Ba7 
Rb7 23.Bd4 Qxf4 24.Nc5 Rc7 25.Nd3 Qh6 26.Be3 Bg5 27.Qg3 Bxe3 28.Qxc7 Nb3 
29.Rad1 Nd2 30.Rfe1 Nxf3 31.gxf3 Bg5 32.Re2 Bf6 33.Nxb4 Qh5 34.Rd3 Qh3 35.
Kg1 Qf5 36.a5 Qg5+ 37.Kh1 Qc1+ 38.Kg2 Qg5+ 39.Kh1 Qc1+ 1/2-1/2

[Event "4th EUR-ch"]
[Site "Istanbul TUR"]
[Date "2003.06.01"]
[Round "3.70"]
[White "Romanyshyn, Oleh"]
[Black "Moor, Roger"]
[Result "1-0"]
[WhiteElo "2558"]
[BlackElo "2405"]
[EventDate "2003.05.30"]
[PlyCount "53"]

1.d4 Nf6 2.Nf3 g6 3.g3 Bg7 4.Bg2 O-O 5.c4 d5 6.cxd5 Nxd5 7.O-O Nb6 8.Nc3 
Nc6 9.d5 Na5 10.e4 c6 11.Bg5 h6 12.Bf4 Nac4 13.b3 Bxc3 14.Rc1 Nb2 15.Qc2 
Bg7 16.Be5 Bxe5 17.Nxe5 cxd5 18.exd5 Bf5 19.Qxb2 Qd6 20.g4 Bd7 21.Rfe1 
Rac8 22.Rcd1 Rc7 23.a4 Qb4 24.Re4 Qc5 25.Qd2 Kg7 26.a5 Nc8 27.Nxd7 1-0

[Event "4th EUR-ch"]
[Site "Istanbul TUR"]
[Date "2003.06.01"]
[Round "3.71"]
[White "Atakisi, Umut"]
[Black "Shomoev, Anton"]
[Result "1-0"]
[WhiteElo "2303"]
[BlackElo "2558"]
[EventDate "2003.05.30"]
[PlyCount "113"]

1.e4 e5 2.Nf3 Nc6 3.Bb5 a6 4.Ba4 Nf6 5.O-O Be7 6.Re1 b5 7.Bb3 O-O 8.a4 b4 
9.d3 d6 10.a5 Be6 11.Nbd2 Qc8 12.Bc4 Rb8 13.Nf1 h6 14.Ne3 Re8 15.Nd5 Bd8 
16.c3 bxc3 17.bxc3 Bxd5 18.exd5 Ne7 19.Qa4 c6 20.dxc6 d5 21.Ba2 Nxc6 22.
Bd2 Bxa5 23.Nxe5 Nxe5 24.Qxa5 Nxd3 25.Rxe8+ Qxe8 26.Be3 Qb5 27.Qxb5 Rxb5 
28.Bb1 Ne5 29.h3 a5 30.Bd4 Nc4 31.Bc2 Ne4 32.Ba4 Rb8 33.Bc6 Rd8 34.Rb1 
Ned2 35.Rb7 h5 36.h4 Na3 37.Bb6 Rd6 38.Be8 Rf6 39.Bd4 Rf5 40.Bd7 Rf6 41.
Bxf6 gxf6 42.Bc6 Nab1 43.Rb2 a4 44.Bxa4 Nxc3 45.Rxd2 Nxa4 46.Rxd5 Nc3 47.
Rd2 Na4 48.Rd5 Nc3 49.Rxh5 Kg7 50.Ra5 Ne2+ 51.Kh2 Nd4 52.Kg3 Kg6 53.f3 Nc6
54.Rc5 Ne5 55.h5+ Kh6 56.Rxe5 fxe5 57.Kg4 1-0

[Event "4th EUR-ch"]
[Site "Istanbul TUR"]
[Date "2003.06.01"]
[Round "3.72"]
[White "Erdogdu, Mert"]
[Black "Spasov, Vasil"]
[Result "0-1"]
[WhiteElo "2303"]
[BlackElo "2555"]
[EventDate "2003.05.30"]
[PlyCount "92"]

1.e4 e6 2.d4 d5 3.Nc3 dxe4 4.Nxe4 Nd7 5.Nf3 Ngf6 6.Nxf6+ Nxf6 7.Bg5 h6 8.
Bh4 c5 9.Ne5 Qxd4 10.Bb5+ Bd7 11.Nxd7 Nxd7 12.c3 Qe5+ 13.Kf1 Qc7 14.Qa4 
Be7 15.Bg3 e5 16.Rd1 O-O-O 17.Qxa7 Nb8 18.Ke2 h5 19.h4 f5 20.Bc4 Qc6 21.f3
f4 22.Bf2 e4 23.Rxd8+ Rxd8 24.Rc1 Qg6 25.Kf1 Nc6 26.Qa4 Rd2 27.Rd1 Rxb2 
28.Qa3 Rxf2+ 29.Kxf2 exf3 30.gxf3 Qg3+ 31.Ke2 Qg2+ 32.Kd3 Ne5+ 33.Ke4 Nxc4
34.Qa8+ Kc7 35.Rd7+ Kxd7 36.Qxb7+ Ke8 37.Qa8+ Kf7 38.Qd5+ Kg6 39.Qxc4 Qc2+
40.Kxf4 Qh2+ 41.Ke3 Qxh4 42.Qg8 c4 43.Qe8+ Kh7 44.f4 Bc5+ 45.Ke2 Qe7+ 46.
Qxe7 Bxe7 0-1

[Event "4th EUR-ch"]
[Site "Istanbul TUR"]
[Date "2003.06.01"]
[Round "3.73"]
[White "Kempinski, Robert"]
[Black "Demir, Gokhan"]
[Result "1-0"]
[WhiteElo "2553"]
[BlackElo "2245"]
[EventDate "2003.05.30"]
[PlyCount "103"]

1.d4 Nf6 2.c4 g6 3.Nc3 d5 4.Nf3 Bg7 5.e3 O-O 6.b4 a5 7.b5 c5 8.bxc6 Nxc6 
9.c5 b6 10.cxb6 Qxb6 11.Be2 Ba6 12.Rb1 Bxe2 13.Qxe2 Qa6 14.Qxa6 Rxa6 15.
Bd2 e6 16.Ke2 Rc8 17.Rhc1 Bf8 18.Na4 Ba3 19.Rc2 Ne4 20.Rb6 Rxb6 21.Nxb6 
Rc7 22.Bxa5 Ra7 23.Rxc6 Rxa5 24.Ne5 Bd6 25.a4 Bxe5 26.dxe5 Nc5 27.g4 g5 
28.f4 gxf4 29.exf4 Kg7 30.Rc8 h6 31.Ke3 Ra6 32.Nxd5 Nd7 33.Nc3 Nb6 34.Rd8 
Nxa4 35.Ne4 Nb6 36.Nf6 Ra8 37.Rxa8 Nxa8 38.Kd4 Nb6 39.h4 Na4 40.h5 Nb2 41.
g5 hxg5 42.fxg5 Nd1 43.Ne4 Nb2 44.Kc5 Nd3+ 45.Kd6 Nf4 46.Nf6 Nh3 47.h6+ 
Kf8 48.g6 fxg6 49.Kxe6 Ng5+ 50.Kd5 Ke7 51.h7 Nf7 52.e6 1-0

[Event "4th EUR-ch"]
[Site "Istanbul TUR"]
[Date "2003.06.01"]
[Round "3.74"]
[White "Kilicaslan, Hasan"]
[Black "Dvoirys, Semen"]
[Result "1/2-1/2"]
[WhiteElo "2260"]
[BlackElo "2552"]
[EventDate "2003.05.30"]
[PlyCount "68"]

1.d4 Nf6 2.Nf3 e6 3.c3 d5 4.Bf4 c5 5.e3 Nc6 6.Nbd2 Be7 7.h3 O-O 8.Bd3 a6 
9.O-O b5 10.Ne5 Nxe5 11.Bxe5 Nd7 12.Nf3 Nxe5 13.Nxe5 Bd6 14.f4 g6 15.Qg4 
Kg7 16.h4 h5 17.Qg3 Qe8 18.Rf3 Rb8 19.Raf1 c4 20.Bc2 b4 21.e4 bxc3 22.f5 
exf5 23.exf5 f6 24.fxg6 Rxb2 25.Rxf6 Rxf6 26.Rxf6 Bxe5 27.dxe5 Rxc2 28.
Rf7+ Kg8 29.Qg5 Be6 30.Qh6 Bxf7 31.Qh7+ Kf8 32.Qh8+ Ke7 33.Qf6+ Kf8 34.
Qh8+ Ke7 1/2-1/2

[Event "4th EUR-ch"]
[Site "Istanbul TUR"]
[Date "2003.06.01"]
[Round "3.75"]
[White "Kayar, Erdem"]
[Black "Kurajica, Bojan"]
[Result "0-1"]
[WhiteElo "2077"]
[BlackElo "2551"]
[EventDate "2003.05.30"]
[PlyCount "52"]

1.e4 c5 2.Nf3 Nc6 3.d4 cxd4 4.Nxd4 Qb6 5.Nb3 Nf6 6.Nc3 e6 7.Be3 Qc7 8.a3 
a6 9.f4 d6 10.g4 b5 11.Qe2 Be7 12.Bg2 Rb8 13.h4 h5 14.g5 Ng4 15.Bg1 b4 16.
axb4 Nxb4 17.Bf3 g6 18.Bxg4 hxg4 19.O-O-O e5 20.Be3 Be6 21.Nd5 Nxd5 22.
exd5 Bf5 23.fxe5 Rxb3 24.Bd4 O-O 25.Bc3 Rxc3 26.bxc3 Qxc3 0-1

[Event "4th EUR-ch"]
[Site "Istanbul TUR"]
[Date "2003.06.01"]
[Round "3.76"]
[White "Iordachescu, Viorel"]
[Black "Erdogan, Hakan"]
[Result "1-0"]
[WhiteElo "2550"]
[BlackElo "2239"]
[EventDate "2003.05.30"]
[PlyCount "68"]

1.e4 c5 2.Nf3 d6 3.Bb5+ Bd7 4.Bxd7+ Qxd7 5.O-O Nc6 6.c3 Nf6 7.Qe2 g6 8.d4 
cxd4 9.cxd4 Bg7 10.Nc3 O-O 11.Rd1 d5 12.e5 Nh5 13.h3 f5 14.b3 f4 15.Ba3 
Rad8 16.Rac1 b6 17.Qb5 Rfe8 18.Qxd5+ Qxd5 19.Nxd5 Rxd5 20.Rxc6 Ra5 21.Bb4 
Rxa2 22.d5 Bf8 23.Bc3 Rd8 24.d6 exd6 25.exd6 Rc2 26.d7 Be7 27.Bf6 Rxc6 28.
Bxe7 Rc1 29.Rxc1 Rxd7 30.Rc8+ Kg7 31.Bb4 Rd1+ 32.Kh2 a5 33.Bc3+ Kf7 34.Rc6
Rc1 1-0

[Event "4th EUR-ch"]
[Site "Istanbul TUR"]
[Date "2003.06.01"]
[Round "3.78"]
[White "Cherniaev, Alexander"]
[Black "Moiseenko, Olexandr"]
[Result "1/2-1/2"]
[WhiteElo "2501"]
[BlackElo "2627"]
[EventDate "2003.05.30"]
[PlyCount "239"]

1.e4 c5 2.Nf3 Nc6 3.Bb5 e6 4.Bxc6 bxc6 5.d3 Qc7 6.O-O d6 7.Ne1 g6 8.Bd2 
Bg7 9.Bc3 f6 10.f4 Nh6 11.b3 O-O 12.Nd2 Bd7 13.Qe2 e5 14.fxe5 fxe5 15.Nef3
Nf7 16.Rf2 Nd8 17.Nc4 Ne6 18.g3 Rae8 19.Raf1 Bc8 20.Ba5 Qe7 21.Bd2 Nd4 22.
Nxd4 cxd4 23.Bb4 c5 24.Rxf8+ Bxf8 25.Bd2 Bh3 26.Rf2 Bg7 27.Qf3 h5 28.Qe2 
Bg4 29.Qf1 g5 30.h3 Be6 31.Kh2 Rf8 32.Rxf8+ Bxf8 33.Qf2 Bg7 34.Qe2 Bf7 35.
Qf3 Bf6 36.Qf5 Kg7 37.Qc8 d5 38.exd5 Bxd5 39.Qf5 Ba8 40.Qc8 Bd5 41.Qf5 Bf7
42.Qf3 Bg6 43.Nb2 h4 44.gxh4 gxh4 45.Qg2 Kh7 46.Qf3 Qf7 47.Nc4 Bh5 48.Qf5+
Qg6 49.Qf2 Bd1 50.Be1 Kg7 51.Nb2 Qg3+ 52.Qxg3+ hxg3+ 53.Bxg3 Bxc2 54.Kg1 
e4 55.dxe4 Bxe4 56.Kf2 d3 57.Nc4 Bg5 58.Be5+ Kg6 59.Bc3 Bf5 60.Ne5+ Kh5 
61.Nf3 Bh6 62.Bd2 Bg7 63.Be3 Bf8 64.Ke1 a6 65.Kd2 c4 66.bxc4 Bb4+ 67.Kc1 
Bxh3 68.Kb2 Bf5 69.Nd2 Kg4 70.Kb3 Ba5 71.Ka4 Bc7 72.Kb4 Bg6 73.Kb3 Kf5 74.
Kb4 Ke5 75.Ka4 Bh5 76.Kb4 Bd1 77.Kc3 Bc2 78.Kb4 Bd8 79.Kc5 Ba4 80.Kb4 Bd7 
81.Kc3 Bf5 82.Kb4 Kd6 83.Ka4 Kc6 84.Kb4 Be7+ 85.Kc3 a5 86.Kb3 Bb4 87.a3 
Be7 88.Ka4 Bc5 89.Bf4 Kb6 90.Be5 Bg4 91.Kb3 a4+ 92.Kb2 Bf5 93.Bc3 Be3 94.
Bb4 Bd4+ 95.Kc1 Be6 96.Kb1 Kc6 97.Kc1 Bg4 98.Ne4 Bf5 99.Nd2 Kd7 100.Nf3 
Be3+ 101.Kb2 Be4 102.Nd2 Bg6 103.Kc3 Bh6 104.Bc5 Ke6 105.Bd4 Bf8 106.Kb2 
Kf5 107.Be3 Bg7+ 108.Kc1 Bh5 109.Nb1 Ke4 110.Kd2 Bf7 111.Bg5 Kd4 112.Nc3 
Be8 113.Nb5+ Bxb5 114.cxb5 Bf8 115.Bf6+ Kc4 116.b6 Bxa3 117.Be5 Bb4+ 118.
Kd1 Bc5 119.b7 Ba7 120.b8=Q 1/2-1/2

[Event "4th EUR-ch"]
[Site "Istanbul TUR"]
[Date "2003.06.01"]
[Round "3.80"]
[White "Mastrovasilis, Athanasios"]
[Black "Hracek, Zbynek"]
[Result "0-1"]
[WhiteElo "2487"]
[BlackElo "2584"]
[EventDate "2003.05.30"]
[PlyCount "64"]

1.c4 Nf6 2.Nc3 e5 3.Nf3 Nc6 4.e3 Bb4 5.Qc2 Bxc3 6.Qxc3 Qe7 7.d4 exd4 8.
Nxd4 Nxd4 9.Qxd4 c5 10.Qh4 d5 11.cxd5 Nxd5 12.Qxe7+ Kxe7 13.Bd2 Be6 14.
O-O-O Rac8 15.Be2 Nb4 16.Bxb4 cxb4+ 17.Kb1 b3 18.axb3 Bxb3 19.Rc1 Rhd8 20.
Rxc8 Rxc8 21.Bd3 a5 22.h4 h6 23.e4 a4 24.Rh3 g5 25.hxg5 hxg5 26.Rg3 Rc5 
27.Rg4 Be6 28.Rg3 b5 29.Bc2 Kd6 30.Rd3+ Ke5 31.Rd8 Rc8 32.Rd1 Rxc2 0-1

[Event "4th EUR-ch"]
[Site "Istanbul TUR"]
[Date "2003.06.01"]
[Round "3.81"]
[White "Sargissian, Gabriel"]
[Black "Kupreichik, Viktor"]
[Result "1-0"]
[WhiteElo "2572"]
[BlackElo "2484"]
[EventDate "2003.05.30"]
[PlyCount "100"]

1.d4 d5 2.c4 dxc4 3.e4 Nc6 4.Nf3 Bg4 5.Bxc4 Bxf3 6.Qxf3 e6 7.d5 Ne5 8.Bb5+
c6 9.Qc3 Qb6 10.Qxe5 Qxb5 11.Nc3 Qa5 12.Bf4 cxd5 13.exd5 Nf6 14.O-O Rd8 
15.dxe6 Qxe5 16.exf7+ Kxf7 17.Bxe5 Bc5 18.Bxf6 gxf6 19.Rfd1 Bd4 20.Kf1 
Bxc3 21.bxc3 b6 22.Rab1 Rxd1+ 23.Rxd1 Rc8 24.Rd7+ Kg6 25.Rxa7 Rxc3 26.g4 
b5 27.Kg2 b4 28.Ra5 b3 29.axb3 Rxb3 30.h4 Rc3 31.f3 Rb3 32.Kg3 Rb7 33.h5+ 
Kg7 34.Kf4 h6 35.Rf5 Kf7 36.Ke4 Rd7 37.Rc5 Kg7 38.Rd5 Re7+ 39.Kf5 Kf7 40.
Kf4 Ra7 41.Rd6 Ra5 42.Ke4 Ra7 43.Rd4 Ra5 44.Rc4 Ra7 45.Kd5 Rd7+ 46.Ke4 
Re7+ 47.Kf5 Ra7 48.Rc6 Ra5+ 49.Ke4 Ra4+ 50.Ke3 Ra3+ 1-0

[Event "4th EUR-ch"]
[Site "Istanbul TUR"]
[Date "2003.06.01"]
[Round "3.82"]
[White "Mastrovasilis, Dimitrios"]
[Black "Marin, Mihail"]
[Result "1-0"]
[WhiteElo "2456"]
[BlackElo "2568"]
[EventDate "2003.05.30"]
[PlyCount "87"]

1.e4 d6 2.d4 g6 3.Nc3 Bg7 4.f4 Nf6 5.Nf3 O-O 6.Bd3 Na6 7.O-O c5 8.d5 Bg4 
9.Bc4 Nc7 10.h3 Bxf3 11.Qxf3 e6 12.dxe6 fxe6 13.Rd1 Qe7 14.e5 dxe5 15.Qxb7
Rab8 16.Qxa7 Rb4 17.Nb5 Nfe8 18.Bf1 exf4 19.c3 Re4 20.Qb7 Re5 21.Nxc7 Nxc7
22.Qf3 Nd5 23.a4 Ne3 24.Rd2 Nf5 25.Rf2 Nh4 26.Qd1 Rd5 27.Qe1 Re5 28.Qd1 f3
29.g3 Rd5 30.Qe1 Re5 31.Qd2 Rd5 32.Qe3 Qd6 33.gxh4 Qg3+ 34.Kh1 Rd1 35.
Qxe6+ Kh8 36.Bf4 Qxf2 37.Rxd1 Rxf4 38.Rd8+ Bf8 39.Qe5+ Kg8 40.Bc4+ Rxc4 
41.Qd5+ Kg7 42.Rd7+ Kh8 43.Qe5+ Kg8 44.Qe6+ 1-0

[Event "4th EUR-ch"]
[Site "Istanbul TUR"]
[Date "2003.06.01"]
[Round "3.83"]
[White "Volkmann, Friedrich"]
[Black "Schandorff, Lars"]
[Result "1-0"]
[WhiteElo "2435"]
[BlackElo "2563"]
[EventDate "2003.05.30"]
[PlyCount "61"]

1.e4 c6 2.d4 d5 3.Nc3 dxe4 4.Nxe4 Nd7 5.Ng5 Ngf6 6.Bd3 e6 7.N1f3 Bd6 8.Qe2
h6 9.Ne4 Nxe4 10.Qxe4 Qc7 11.O-O b6 12.Qg4 g5 13.Qh3 Rg8 14.Nd2 Bb7 15.a4 
g4 16.Qh4 Be7 17.Qh5 Nf6 18.Qe5 Qxe5 19.dxe5 Nd5 20.a5 O-O-O 21.Nb3 h5 22.
Be4 Nc7 23.f3 g3 24.hxg3 Rxg3 25.Bf4 Rgg8 26.axb6 axb6 27.c4 f5 28.exf6 
Bxf6 29.Ra7 Rg7 30.Be3 Na8 31.c5 1-0

[Event "4th EUR-ch"]
[Site "Istanbul TUR"]
[Date "2003.06.01"]
[Round "3.84"]
[White "Conquest, Stuart"]
[Black "Hug, Werner"]
[Result "1/2-1/2"]
[WhiteElo "2556"]
[BlackElo "2453"]
[EventDate "2003.05.30"]
[PlyCount "60"]

1.d4 Nf6 2.c4 g6 3.Nc3 Bg7 4.e4 d6 5.Be2 O-O 6.Be3 Na6 7.g4 e5 8.d5 Nc5 9.
f3 a5 10.Qd2 Ne8 11.h4 f5 12.g5 Bh8 13.O-O-O Ng7 14.Nh3 Nh5 15.Nf2 b6 16.
Qc2 Bd7 17.Rhg1 Qe7 18.Rde1 Bg7 19.Bd1 Qf7 20.Kb1 Rae8 21.Qc1 Re7 22.Bc2 
Qe8 23.Nd3 Qc8 24.Qd2 Ref7 25.Bd1 Nxd3 26.Qxd3 Nf4 27.Qc2 Qa6 28.Be2 Qc8 
29.Bd1 Qa6 30.Be2 Qc8 1/2-1/2

[Event "4th EUR-ch"]
[Site "Istanbul TUR"]
[Date "2003.06.01"]
[Round "3.85"]
[White "Bartel, Mateusz"]
[Black "Iliushin, Alexei"]
[Result "1/2-1/2"]
[WhiteElo "2443"]
[BlackElo "2556"]
[EventDate "2003.05.30"]
[PlyCount "137"]

1.d4 e6 2.g3 f5 3.Bg2 Nf6 4.c4 c6 5.Nh3 d5 6.Qc2 Bd6 7.O-O O-O 8.Bf4 Be7 
9.Nd2 Nbd7 10.Ng5 Nb6 11.c5 h6 12.cxb6 hxg5 13.Bxg5 axb6 14.Nf3 Bd7 15.Ne5
Be8 16.f3 Nd7 17.Nxd7 Qxd7 18.Bxe7 Qxe7 19.e4 fxe4 20.fxe4 Rxf1+ 21.Rxf1 
Rxa2 22.Qb3 Ra5 23.Qe3 dxe4 24.Bxe4 Qd6 25.Qd3 c5 26.Rd1 Bc6 27.Bh7+ Kh8 
28.Be4 Ra8 29.Bxc6 bxc6 30.dxc5 Qxc5+ 31.Kg2 Rf8 32.Qe2 Rf6 33.Rd8+ Kh7 
34.Qe4+ Qf5 35.Qxf5+ exf5 36.Kf3 Re6 37.h4 g6 38.g4 fxg4+ 39.Kxg4 Re4+ 40.
Kg5 Re5+ 41.Kf6 Rf5+ 42.Ke6 Rb5 43.Rd2 Rb4 44.Kd6 c5 45.Kc6 Kh6 46.Rh2 Kh5
47.Rg2 Kxh4 48.Rxg6 Rxb2 49.Kd5 Rb4 50.Rg8 c4 51.Kd4 b5 52.Kc3 Rb3+ 53.Kc2
b4 54.Rh8+ Kg4 55.Rg8+ Kf3 56.Rf8+ Ke2 57.Rb8 Rc3+ 58.Kb2 Kd2 59.Rxb4 Rc2+
60.Ka3 Rc1 61.Rb2+ Kd3 62.Rh2 Re1 63.Rh3+ Re3 64.Rh2 Kc3 65.Rg2 Rh3 66.Ka4
Rd3 67.Ka3 Rd2 68.Rg3+ Kc2 69.Kb4 1/2-1/2

[Event "4th EUR-ch"]
[Site "Istanbul TUR"]
[Date "2003.06.01"]
[Round "3.86"]
[White "Nyysti, Sampsa"]
[Black "Minasian, Artashes"]
[Result "0-1"]
[WhiteElo "2429"]
[BlackElo "2555"]
[EventDate "2003.05.30"]
[PlyCount "52"]

1.e4 g6 2.d4 Bg7 3.Nc3 d6 4.Be3 a6 5.f4 b5 6.Be2 b4 7.Nd5 a5 8.Bf2 Bb7 9.
Bf3 e6 10.Ne3 Nf6 11.Qd3 d5 12.exd5 exd5 13.Bh4 O-O 14.Ne2 Re8 15.O-O Ba6 
16.Qd2 c6 17.a3 Ne4 18.Bxe4 Qxh4 19.Bd3 Bxd3 20.Qxd3 Qe7 21.Rf3 Nd7 22.
axb4 Qxb4 23.b3 Nc5 24.Qd1 Ne4 25.c3 Nxc3 26.Nxc3 Bxd4 0-1

[Event "4th EUR-ch"]
[Site "Istanbul TUR"]
[Date "2003.06.01"]
[Round "3.88"]
[White "San Segundo Carrillo, Pablo"]
[Black "Olcayoz, Alper"]
[Result "1/2-1/2"]
[WhiteElo "2515"]
[BlackElo "2310"]
[EventDate "2003.05.30"]
[PlyCount "104"]

1.d4 Nf6 2.c4 e6 3.Nc3 Bb4 4.e3 O-O 5.Bd3 d5 6.Nf3 c5 7.O-O Nc6 8.a3 Bxc3 
9.bxc3 dxc4 10.Bxc4 Qc7 11.Bb2 b6 12.Bd3 e5 13.Qc2 Re8 14.e4 Bd7 15.d5 Ne7
16.c4 Ng6 17.Rfe1 Re7 18.g3 Ne8 19.Nd2 Nd6 20.Nf1 Ree8 21.Ne3 f6 22.a4 a5 
23.Bc3 Qd8 24.Bd2 Re7 25.Rab1 Ra6 26.Qb3 Qe8 27.Bc2 Nf8 28.Ng2 g5 29.Ne3 
Qh5 30.Nf5 Bxf5 31.exf5 Qh3 32.Qd3 Qg4 33.Bc3 Nd7 34.f3 Qh3 35.Qf1 Qxf1+ 
36.Kxf1 Kf7 37.Bd3 Ra8 38.Re3 Rae8 39.Re2 h5 40.Reb2 e4 41.Bxe4 Nxe4 42.
Be1 Nd6 43.Bf2 Ne5 44.Rxb6 Nexc4 45.Bxc5 Nxb6 46.Bxd6 Re3 47.Bc5 R8e4 48.
Bb4 Nxd5 49.Rd1 Rxf3+ 50.Kg2 Rxf5 51.Bc3 Ne3+ 52.Kh3 Rd4 1/2-1/2

[Event "4th EUR-ch"]
[Site "Istanbul TUR"]
[Date "2003.06.01"]
[Round "3.89"]
[White "Kulaots, Kaido"]
[Black "Grant, Jonathan"]
[Result "1-0"]
[WhiteElo "2514"]
[BlackElo "2253"]
[EventDate "2003.05.30"]
[PlyCount "71"]

1.e4 c6 2.d4 d5 3.Nd2 dxe4 4.Nxe4 Bf5 5.Ng3 Bg6 6.h4 h6 7.Nf3 Nd7 8.h5 Bh7
9.Bd3 Bxd3 10.Qxd3 e6 11.Bf4 Ngf6 12.O-O-O Be7 13.Ne4 Nxe4 14.Qxe4 Nf6 15.
Qd3 Qd5 16.c4 Qe4 17.Qxe4 Nxe4 18.Be3 Nd6 19.b3 b5 20.c5 Ne4 21.Kc2 Rc8 
22.Ne5 Nf6 23.a4 b4 24.g4 Nd5 25.Bd2 Bg5 26.Rhe1 Bxd2 27.Rxd2 O-O 28.Kd3 
f5 29.Ng6 Rf6 30.gxf5 Rxf5 31.Rxe6 Rxh5 32.Rd6 Rh3+ 33.Kc2 Rc7 34.Re2 Nf6 
35.Rd8+ Kf7 36.Nh8# 1-0

[Event "4th EUR-ch"]
[Site "Istanbul TUR"]
[Date "2003.06.01"]
[Round "3.90"]
[White "Grigoriants, Sergei"]
[Black "Akcan, Umit"]
[Result "1-0"]
[WhiteElo "2506"]
[BlackElo "2167"]
[EventDate "2003.05.30"]
[PlyCount "65"]

1.e4 c5 2.Nf3 d6 3.d4 cxd4 4.Nxd4 Nf6 5.Nc3 g6 6.Be3 Bg7 7.f3 Nc6 8.Qd2 
O-O 9.Bc4 Bd7 10.O-O-O Qa5 11.Bb3 Rfc8 12.g4 Ne5 13.h4 Nc4 14.Bxc4 Rxc4 
15.Nb3 Qa6 16.h5 Rac8 17.hxg6 fxg6 18.e5 Ne8 19.Qh2 h5 20.Bd4 Rxd4 21.Nxd4
Rxc3 22.bxc3 Qxa2 23.e6 Bxe6 24.g5 Bh6 25.f4 Nf6 26.Rde1 Bd5 27.gxh6 Ng4 
28.Qg3 Bxh1 29.Qxg4 e5 30.Qc8+ Kh7 31.Qd8 Kxh6 32.Qg5+ Kg7 33.Rf1 1-0

[Event "4th EUR-ch"]
[Site "Istanbul TUR"]
[Date "2003.06.01"]
[Round "3.91"]
[White "Can, Emre"]
[Black "Guseinov, Kadir"]
[Result "0-1"]
[WhiteElo "2200"]
[BlackElo "2505"]
[EventDate "2003.05.30"]
[PlyCount "64"]

1.e4 c5 2.Nf3 a6 3.c3 d5 4.exd5 Nf6 5.d4 cxd4 6.cxd4 Nxd5 7.Bc4 e6 8.O-O 
Be7 9.Nc3 b5 10.Bxd5 exd5 11.Re1 O-O 12.Bf4 Be6 13.Ne5 Qb6 14.Rc1 Ra7 15.
Qd3 Bd6 16.Qg3 Rd8 17.h4 Rc7 18.Nf3 h6 19.Bxd6 Rxd6 20.Qf4 Nd7 21.Ne2 Rcc6
22.Rxc6 Rxc6 23.Rc1 b4 24.Rxc6 Qxc6 25.Qc1 Qc4 26.Qd2 Nf6 27.Ne5 Qxa2 28.
Qxb4 Qb1+ 29.Kh2 Qf1 30.Ng3 Qxf2 31.Qc3 Qf4 32.Qd3 Ne4 0-1

[Event "4th EUR-ch"]
[Site "Istanbul TUR"]
[Date "2003.06.01"]
[Round "3.92"]
[White "Brendel, Oliver"]
[Black "Gershon, Alik"]
[Result "0-1"]
[WhiteElo "2378"]
[BlackElo "2543"]
[EventDate "2003.05.30"]
[PlyCount "94"]

1.e4 c5 2.Nf3 e6 3.d3 Nc6 4.g3 d5 5.Nbd2 g6 6.Bg2 Nge7 7.O-O Bg7 8.exd5 
Nxd5 9.Nb3 b6 10.d4 Ba6 11.Re1 c4 12.Nbd2 O-O 13.c3 Qc7 14.Bf1 Na5 15.Ne4 
Bb7 16.h4 h6 17.Ne5 Rad8 18.Qe2 b5 19.Bh3 Nc6 20.Ng4 h5 21.Nh6+ Kh8 22.Nc5
e5 23.Nxb7 Qxb7 24.Nf5 gxf5 25.Qxh5+ Kg8 26.dxe5 Nxe5 27.Rxe5 Bxe5 28.Bxf5
Rfe8 29.Qh7+ Kf8 30.Bh6+ Ke7 31.Bg5+ Bf6 32.Qg7 Rd6 33.Re1+ Kd8 34.Rxe8+ 
Kxe8 35.Qg8+ Ke7 36.Bg6 Ke6 37.Qe8+ Qe7 38.Bxf7+ Ke5 39.Bf4+ Nxf4 40.Qxb5+
Nd5 41.Bg8 Kf5 42.Bxd5 Qe1+ 43.Kg2 Qe5 44.Be4+ Kxe4 45.Qxc4+ Kf5 46.Kh3 
Kg6 47.Qg8+ Bg7 0-1

[Event "4th EUR-ch"]
[Site "Istanbul TUR"]
[Date "2003.06.01"]
[Round "3.95"]
[White "Karadeniz, Emre"]
[Black "Vokarev, Sergei"]
[Result "1-0"]
[WhiteElo "2308"]
[BlackElo "2498"]
[EventDate "2003.05.30"]
[PlyCount "126"]

1.d4 Nf6 2.Nf3 g6 3.Nc3 d5 4.Bf4 Bg7 5.e3 O-O 6.Be2 c5 7.Ne5 cxd4 8.exd4 
Qb6 9.O-O Nc6 10.Nxc6 Qxc6 11.Re1 a6 12.a4 b6 13.Bf3 e6 14.Be5 Bd7 15.Qd2 
Rfc8 16.h4 b5 17.Re2 Qc4 18.h5 Qb4 19.Ra2 Qf8 20.Qf4 Ne8 21.Bxg7 Qxg7 22.
h6 g5 23.Qg4 Qxh6 24.Nxd5 f5 25.Qg3 exd5 26.Bxd5+ Kh8 27.Bxa8 Rxa8 28.Re7 
f4 29.Qb3 Nf6 30.axb5 a5 31.b6 g4 32.b7 Rb8 33.Rxa5 g3 34.fxg3 Ng4 35.Qf3 
Be6 36.Rxe6 Qxe6 37.Ra8 Qe1+ 38.Qf1 Qe3+ 39.Kh1 Nf2+ 40.Qxf2 Qxf2 41.Rxb8+
Kg7 42.Rg8+ Kxg8 43.b8=Q+ Kg7 44.Qxf4 Qxc2 45.Qe5+ Kf7 46.d5 Qc1+ 47.Kh2 
Qh6+ 48.Kg1 Qc1+ 49.Kf2 Qd2+ 50.Kf3 Qd1+ 51.Kf4 Qf1+ 52.Kg5 Qxg2 53.d6 Kg8
54.Qe8+ Kg7 55.Qe5+ Kg8 56.d7 h6+ 57.Kf5 Qf3+ 58.Ke6 Qc6+ 59.Ke7 Qb5 60.
Kd8 Qc4 61.Qe8+ Kg7 62.Qe7+ Kg8 63.Ke8 Qc8+ 1-0

[Event "4th EUR-ch"]
[Site "Istanbul TUR"]
[Date "2003.06.01"]
[Round "3.96"]
[White "Sulypa, Olexandr"]
[Black "Bayram, Yakup"]
[Result "1/2-1/2"]
[WhiteElo "2492"]
[BlackElo "2296"]
[EventDate "2003.05.30"]
[PlyCount "94"]

1.d4 d5 2.c4 e6 3.Nf3 c6 4.Qc2 Nf6 5.Bg5 Nbd7 6.Nbd2 Qa5 7.Bxf6 Nxf6 8.e3 
Ne4 9.a3 Nxd2 10.Nxd2 g6 11.Bd3 e5 12.cxd5 exd4 13.O-O-O Bg7 14.dxc6 O-O 
15.Nb3 Qb6 16.Nxd4 bxc6 17.Be4 c5 18.Ne2 Rb8 19.Nc3 Qa5 20.Bd5 Ba6 21.h4 
Rxb2 22.Kxb2 Rb8+ 23.Ka2 Bxc3 24.Rb1 Rd8 25.Rb3 Bf6 26.e4 c4 27.Rf3 Rxd5 
28.exd5 Kg7 29.h5 c3 30.Qb3 Qc5 31.Kb1 Bc4 32.Rxc3 Bxc3 33.Qxc3+ Kh6 34.
Rc1 Qb5+ 35.Qb4 Bd3+ 36.Kb2 Qxd5 37.Rc3 Bf5 38.Rg3 Kg7 39.Qe4 Qb5+ 40.Qb4 
Qe2+ 41.Kc3 Qe1+ 42.Kd4 Qe5+ 43.Kc4 Qe7 44.Kd4 Qe4+ 45.Kc3 Qe1+ 46.Kd4 
Qe4+ 47.Kc5 Qe7+ 1/2-1/2

[Event "4th EUR-ch"]
[Site "Istanbul TUR"]
[Date "2003.06.01"]
[Round "3.97"]
[White "Sanduleac, Vasile"]
[Black "Ipek, Ali"]
[Result "1-0"]
[WhiteElo "2492"]
[BlackElo "2254"]
[EventDate "2003.05.30"]
[PlyCount "149"]

1.e4 c5 2.Nf3 e6 3.d3 Nc6 4.g3 g6 5.Bg2 Bg7 6.O-O Nge7 7.Nbd2 O-O 8.Re1 d6
9.c3 Rb8 10.a4 a6 11.Nb3 e5 12.d4 exd4 13.cxd4 c4 14.Nbd2 b5 15.axb5 axb5 
16.Nf1 Bg4 17.Be3 Nb4 18.h3 Bd7 19.Qd2 Nd3 20.Red1 Qc8 21.h4 Nc6 22.Bh6 
Re8 23.Bxg7 Kxg7 24.d5 Nce5 25.Nxe5 Rxe5 26.Ne3 Qc5 27.b3 Ree8 28.Qc3+ Kg8
29.h5 gxh5 30.Qf6 Ne5 31.bxc4 bxc4 32.Qg5+ Ng6 33.Qxh5 Rb2 34.Qh6 c3 35.
Rf1 Qd4 36.Qg5 Qg7 37.Nc4 Rbb8 38.Nxd6 Re5 39.Qe3 c2 40.Rac1 Ba4 41.Qa7 
Qf8 42.Qxa4 Qxd6 43.Qxc2 Ree8 44.Qd2 Rbd8 45.Qg5 f6 46.Qh6 Ne5 47.Qh5 Re7 
48.Rc2 Qb6 49.Qe2 Rg7 50.Rc3 Kh8 51.Qe3 Qd6 52.Rfc1 Ng4 53.Qf3 Qe5 54.Rc8 
Rdg8 55.Rxg8+ Rxg8 56.Rd1 Qh5 57.Qf5 Qh2+ 58.Kf1 Qh6 59.d6 Ne5 60.d7 Rd8 
61.Kg1 Qg7 62.Bh3 Qe7 63.Qe6 Qf8 64.Kg2 Kg7 65.Rd6 Ng6 66.Rc6 Ne7 67.Rc8 
h6 68.Bf5 h5 69.Kh1 h4 70.gxh4 Nxc8 71.dxc8=Q Rxc8 72.Qxc8 Qb4 73.Kg2 Qb3 
74.Qd7+ Kf8 75.Qd6+ 1-0

[Event "4th EUR-ch"]
[Site "Istanbul TUR"]
[Date "2003.06.01"]
[Round "3.98"]
[White "Oney, Feridun"]
[Black "Wells, Peter"]
[Result "1-0"]
[WhiteElo "2251"]
[BlackElo "2487"]
[EventDate "2003.05.30"]
[PlyCount "60"]

1.d4 Nf6 2.Nf3 d5 3.c4 e6 4.Nc3 dxc4 5.e3 a6 6.Bxc4 b5 7.Bd3 Bb7 8.O-O 
Nbd7 9.Qe2 c5 10.Rd1 Qb8 11.b3 Bd6 12.Bb2 cxd4 13.exd4 Bxf3 14.Qxf3 Bxh2+ 
15.Kh1 Bd6 16.Re1 O-O 17.Qh3 h6 18.Rad1 Bb4 19.d5 Qf4 20.f3 Bxc3 21.Bxc3 
exd5 22.Bf5 Qd6 23.Qh4 Rfe8 24.Bb4 Qc6 25.Rc1 Qb6 26.Red1 Re5 27.Bh3 Rae8 
28.Bc3 Rh5 29.Qf4 Ne5 30.Bd4 Qb8 1-0